000 00387nam a2200169Ia 4500
999 _c573
_d573
008 141014s9999||||xx |||||||||||||| ||und||
010 _a423
020 _aS/ISBN
040 _aANE
041 _aEs
082 _a864 E77
110 _aEspasa Calpe S.A.
245 _aAlmas de jóvenes
_cEspasa Calpe S.A.
250 _a4ta Ed
260 _aEspaña
_c1968
_bEspasa Calpe S.A.
300 _a153 p
_c18 cm
942 _cBK
_2ddc
_zNr.